000 00734cam a2200217 a 4500
001 000005145
005 20200929151606.0
008 790710s1979 sp 000 0 spa
010 _a 79113977
020 _a8400043731
040 _aDO-SdBNP
_cDLC
_dDLC
082 _a861.44
_bG216p
100 1 _aGarcía Pérez, José Antonio,
_d1937-
_914724
245 1 0 _aPalinodia de canciones viejas /
_cJosé Antonio García Pérez.
260 _aZaragoza :
_bInstitución "Fernando el Católico",
_c[1979?].
300 _a70 p., 1 leaf ;
_c21 cm.
440 0 _aColección "San Jorge" ;
_v18
_914725
650 4 _aLiteratura española
_9632
650 4 _aCanciones
_xCrítica e interpretación
_914726
910 _aCatalogación por copia / LC
999 _c4948
_d4948